|
|
|
|
| LEADER |
00000nam0a2200000 4500 |
| 001 |
293716 |
| 005 |
20231102000624.0 |
| 010 |
|
|
|a 9785976518865
|
| 010 |
|
|
|a 978-5-02-038586-3
|
| 035 |
|
|
|a (RuTPU)RU\TPU\book\318756
|
| 090 |
|
|
|a 293716
|
| 100 |
|
|
|a 20150505d2014 m y0rusy50 ca
|
| 101 |
0 |
|
|a rus
|
| 102 |
|
|
|a RU
|
| 105 |
|
|
|a y j 001zy
|
| 200 |
1 |
|
|a Документная лингвистика. Практикум
|e учебное пособие для вузов
|f Т. В. Леонтьева
|
| 205 |
|
|
|a 2-е изд., стер.
|
| 210 |
|
|
|a Москва
|c Флинта
|c Наука
|d 2014
|
| 215 |
|
|
|a 200 с.
|
| 320 |
|
|
|a Библиогр.: с. 194-196.
|
| 330 |
|
|
|a Пособие представляет собой сборник заданий и упражнений, обеспечивающих практическую речевую подготовку специалистов, осуществляющих разработку и коррекцию текстов документов. Для студентов специальности 032001 Документоведение и документационное обеспечение управления, а также для студентов экономико-управленческих и правовых специальностей; может быть полезно практикам, чья деятельность предполагает создание и редактирование документов.
|
| 606 |
1 |
|
|a Русский язык
|x Учебные руководства и пособия для вузов
|x Пособия по стилистике и переводу
|2 stltpush
|3 (RuTPU)RU\TPU\subj\74662
|9 86753
|
| 610 |
1 |
|
|a документалистика
|
| 610 |
1 |
|
|a документальные коммуникации
|
| 610 |
1 |
|
|a документная лингвистика
|
| 610 |
1 |
|
|a стилистика
|
| 610 |
1 |
|
|a деловая речь
|
| 610 |
1 |
|
|a письменная речь
|
| 610 |
1 |
|
|a практикумы
|
| 610 |
1 |
|
|a учебные пособия
|
| 686 |
|
|
|a Ш141.2-923.7
|v LBC/SL-A
|2 rubbk
|
| 700 |
|
1 |
|a Леонтьева
|b Т. В.
|g Татьяна Валерьевна
|
| 801 |
|
1 |
|a RU
|b 63413507
|c 20150505
|
| 801 |
|
2 |
|a RU
|b 63413507
|c 20151006
|g RCR
|
| 900 |
|
|
|a Лингвистика
|
| 900 |
|
|
|a Лингвистика текста
|
| 900 |
|
|
|a Документная лингвистика
|
| 942 |
|
|
|c BK
|
| 951 |
|
|
|l 8
|
| 959 |
|
|
|a 68/20150505
|d 1
|e 200,00
|f ЧЗИЛ:1
|